00574nam a2200193Ia 4500008004100000020000700041082001400048100002000062245002600082250000700108260003700115300002600152500001900178600002700197650001500224942000700239952011900246999001500365240925s9999 xx 000 0 und d aNA a620.3 TSE aTSE ,Fransis S. 0aMechanical Vibrations aNA aBoston:bAllyn and Baconc,1963. ax,156p.bNAfOriginal aIncludes Index aElectrical Engineering aTechnology cBK 001040708ELaUITUbUITUd1997-11-19eUIT Fruit Canadal0o620.3 TSEpQ1358r2024-09-25 07:12:24w2024-09-25yBK c3857d3857